Reigning Domestic Football Champions Around the World - Statistics

General Stats
  • This quiz has been taken 53 times
    40 since last reset
  • The average score is 23 of 44
Answer Stats
Competition Answer % Correct
Spain - La Liga Barcelona
100%
Spain - Primera Divisione Femenina Barcelona
100%
Portugal - Primeira Liga Benfica
91%
Italy - Serie A Napoli
91%
Germany - Bundesliga Bayern München
88%
Germany - Frauen Bundesliga Bayern München
88%
France - Ligue 1 Paris Saint-Germain
88%
England - Premier League Manchester City
85%
Netherlands - Eredivisie Feyenoord
82%
Argentina - Primera División River Plate
82%
Scotland - Premiership Celtic
76%
England - Women's Super League Chelsea
73%
Turkey - Süper Lig Galatasaray
73%
France - Feminine Division 1 Olympique Lyon
70%
Austria - Bundesliga RB Salzburg
70%
Ukraine - Premier League Shakhtar Donetsk
70%
Switzerland - Super League Young Boys
70%
Croatia - 1. HNL Dinamo Zagreb
67%
Denmark - Superliga FC Copenhagen
67%
England - Championship Burnley
61%
Italy - Serie A Women AS Roma
58%
Belgium - First Division A Royal Antwerp
55%
Czech Republic Sparta Praha
55%
Brazil -Serie A Palmeiras
52%
Serbia - Super Liga Crvena Zvezda
48%
Chile - Primera División Colo-Colo
42%
Russia - Premier League Zenit Saint Petersburg
42%
Saudi Arabia Al Ittihad
39%
Mexico - Liga MX UANL Tigres
39%
Greece - Super League 1 AEK Athens
33%
Germany - 2. Bundesliga Heidenheim
33%
USA/Canada - MLS Los Angeles FC
33%
Spain - Segunda Division Granada
30%
Australia - A League Women Sydney FC
24%
South Korea - K League 1 Ulsan Hyundai
21%
USA - National Women's Soccer League Portland Thorns FC
18%
Italy - Serie B Frosinone
15%
France - Ligue 2 Le Havre
15%
Japan - J1 League Yokohama F. Marinos
15%
Australia - A League Central Coast Mariners
12%
Poland - Ekstraklasa Raków Częstochowa
12%
Colombia - Primera A Deportivo Pereira
9%
China - CSL Wuhan Three Towns
9%
Sweden - Allsvenskan BK Häcken
6%
No matching quizzes found
Score Distribution
Percent of People with Each Score
Percentile by Number Answered
Your Score History
You have not taken this quiz since the last reset